=LDR 00000nam 2200000 4500 =001 INLIS000000000018944 =005 20130612114048 =008 ***********************************Ind** =035 ##$$0010-061300000018944 =041 ##$$a Ind =082 ##$$a 2x4.07 =090 ##$$a 2x4.07, Sud p =100 ##$$a Sudarsono =245 ##$$a Pokok-pokok hukum islam, oleh Drs. Sudarsono =260 ##$$a 1992 $b Jakarta =300 ##$$a x, 672 hlm, 20 cm =650 ##$$a Hukum islam =850 ##$$a NBPNMAT =990 ##$$a 91223/BPAP-NTB/2014 =990 ##$$a 21400613/BPAP-NTB/20142014 =990 ##$$a 0001/BPAP-NTB/20142015